| 000 | 00893nab a22002657a 4500 | ||
|---|---|---|---|
| 001 | 251 | ||
| 005 | 20251119121255.0 | ||
| 006 | a|||||r|||| 00| 0 | ||
| 007 | c| aa aaaaa | ||
| 008 | 250221b |||||||| |||| 00| 0 eng d | ||
| 024 | _a10.1007/s11557-019-01495-1 | ||
| 040 |
_aAR-EsCIE _cAR-EsCIE |
||
| 245 | 1 | 0 | _aNew Poroid Hymenochaetaceae (Basidiomycota, Hymenochaetales) from Chile |
| 650 | 4 |
_aBASIDIOMYCOTINA _9510 |
|
| 700 | 1 |
_aRajchenberg, Mario, _d1954- _9107 |
|
| 700 | 1 |
_aPildain, María Belén, _d1972- _922 |
|
| 700 | 1 |
_aCasas Madriagas, Daniel _9511 |
|
| 700 | 1 |
_ade Errasti, Andrés, _d1979- _9106 |
|
| 700 | 1 |
_aRiquelme, Cristian _9384 |
|
| 700 | 1 |
_aBecerra, José _9387 |
|
| 773 |
_g Vol. 18 (2019) p. 865–877 _tMycological progress |
||
| 856 |
_uhttps://link.springer.com/article/10.1007/s11557-019-01495-1#citeas _zAbstract |
||
| 910 | _aPG20250221 | ||
| 942 |
_2ddc _cCF _n0 |
||
| 999 |
_c251 _d251 |
||